| 000 | 00797nam a22003017a 4500 | ||
|---|---|---|---|
| 001 | 0074 | ||
| 003 | DO-SdBNP | ||
| 005 | 20221102102025.0 | ||
| 006 | |||
| 007 | |||
| 008 | 151027b 1971 sp |||| 00| 0 spa d | ||
| 040 |
_aBPMSU _bspa _cBPMSU |
||
| 082 | 4 |
_a843.8 _bV531u 1971 _222 |
|
| 092 |
_a _b |
||
| 100 | 1 |
_aVerne, Julio _d1828-1905 |
|
| 245 |
_aUn viaje a la luna / _cJulio Verne |
||
| 250 | _a3a ed. | ||
| 260 |
_aBarcelona : _bEditorial Bruguera, _c1971. |
||
| 300 |
_a255 p. : _bil., _c21 cm. |
||
| 490 | 0 |
_aSelección historias _v3 |
|
| 500 | _a250 ilustraciones | ||
| 534 |
_aTítulo original : _tUn voyage a la lune |
||
| 590 | _6Inventariado, 2022/VM | ||
| 650 | 4 |
_aNovela francesa. _v |
|
| 650 | 4 |
_aViajes _vNovela. |
|
| 910 | _a VMAteo V. /Validado | ||
| 942 |
_2ddc _cBK |
||
| 999 |
_c8476 _d8476 |
||